Bleu blanc rouge: Mathilde (roman)

Gardado en:
Detalles Bibliográficos
Autor Principal: Gallo, Max
Formato: Libro
Idioma:Undetermined
Publicado: Francia XO editions 2000
Materias:
Etiquetas: Engadir etiqueta
Sen Etiquetas, Sexa o primeiro en etiquetar este rexistro!

MARC

LEADER 00000nam a2200000Ia 4500
008 170316s9999 xx 000 0 und d
040 |a cru BVZT 
090 |a 840 G-1.2b 
100 |a Gallo, Max 
245 |a Bleu blanc rouge: Mathilde (roman) 
260 |a Francia 
260 |b XO editions 
260 |c 2000 
300 |a 404 páginas 
650 |a LITERATURA FRANCESA 
650 |a NOVELA 
999 |c 7692  |d 7692 
942 |c 15 D  |h 840 G-1.2b  |2 z